Efectos generados por los cambios en las relaciones de trabajo sobre los sistemas de seguridad social latinoamericanos. = Effects generated by changes in the labor relationships on social security systems in Latin America /

Guardado en:
Bibliografiske detaljer
Hovedforfatter: Fernández S, María Eugenia
Format: Texto
Fag:
Tags: Tilføj Tag
Ingen Tags, Vær først til at tagge denne postø!

MARC

LEADER 00000 a a2200000 04500
001 8246
003
040
100 |a Fernández S, María Eugenia  
245 |a Efectos generados por los cambios en las relaciones de trabajo sobre los sistemas de seguridad social latinoamericanos. =   |b Effects generated by changes in the labor relationships on social security systems in Latin America /  |c María Eugenia Fernández S 
500 |a Resumen también en inglés  
650 |a RELACIONES LABORALES  
650 |a SEGURIDAD SOCIAL  
773 |g volumen 10, número 3; páginas 259-282  
999 |c 27487  |d 27487